000 00424nam a22001217a 4500
082 _a200 THE
100 _aIqra Qasim
_969729
245 _aTH-SOF-1614-A Model-Driven Framework to Develop Mobile Human Machine Interface (HMI) Screens for Industrial Control Systems
260 _aISLAMABAD
_bNUST COLLEGE OF EME
_c2018
650 _aMS-CSE-16 MSTHESIS
_969361
700 _aSupervisor Dr. Farooque Azam
_969730
942 _cCF
999 _c576879
_d576879